<?xml version="1.0" encoding="UTF-8"?>
<record
    xmlns:xsi="http://www.w3.org/2001/XMLSchema-instance"
    xsi:schemaLocation="http://www.loc.gov/MARC21/slim http://www.loc.gov/standards/marcxml/schema/MARC21slim.xsd"
    xmlns="http://www.loc.gov/MARC21/slim">

  <leader>00776nam a22002177a 4500</leader>
  <controlfield tag="003">BDDh-ASL</controlfield>
  <controlfield tag="005">20231015031253.0</controlfield>
  <controlfield tag="008">230320s2017    b  ||||| |||| 00| 0 b   d</controlfield>
  <datafield tag="040" ind1=" " ind2=" ">
    <subfield code="c">BDDh-ASL</subfield>
  </datafield>
  <datafield tag="041" ind1=" " ind2=" ">
    <subfield code="a">bengali </subfield>
  </datafield>
  <datafield tag="082" ind1=" " ind2=" ">
    <subfield code="a">909.09</subfield>
    <subfield code="b">SIK</subfield>
  </datafield>
  <datafield tag="100" ind1="1" ind2=" ">
    <subfield code="a">&#x9B8;&#x9BF;&#x9A6;&#x9CD;&#x9A6;&#x9BF;&#x995;&#x9C0;, &#x9AE;&#x9BE;&#x9B9;&#x9AC;&#x9C1;&#x9AC;</subfield>
    <subfield code="9">5234</subfield>
  </datafield>
  <datafield tag="245" ind1="1" ind2="0">
    <subfield code="a">&#x995;&#x9CB;&#x9A8; &#x986;&#x9AE;&#x99F;&#x9BF; &#x995;&#x996;&#x9A8; &#x996;&#x9BE;&#x9AC;&#x9C7;&#x9A8; /</subfield>
  </datafield>
  <datafield tag="246" ind1=" " ind2=" ">
    <subfield code="a">Kon Amti Kokhon Khaben. </subfield>
  </datafield>
  <datafield tag="260" ind1=" " ind2=" ">
    <subfield code="a">&#x9A2;&#x9BE;&#x995;&#x9BE;: </subfield>
    <subfield code="b">&#x986;&#x997;&#x9BE;&#x9AE;&#x9C0; &#x9AA;&#x9CD;&#x9B0;&#x995;&#x9BE;&#x9B6;&#x9A8;&#x9C0;, </subfield>
    <subfield code="c">&#x9E8;&#x9E6;&#x9E7;&#x9ED;&#x964; </subfield>
  </datafield>
  <datafield tag="300" ind1=" " ind2=" ">
    <subfield code="a">&#x9ED;&#x9EC; &#x9AA;&#x9C3;&#x9B7;&#x9CD;&#x9A0;&#x9BE;: </subfield>
    <subfield code="b">&#x99B;&#x9AC;&#x9BF;; </subfield>
    <subfield code="c">&#x9E8;&#x9E8; &#x9B8;&#x9C7;.&#x9AE;&#x9BF;. </subfield>
  </datafield>
  <datafield tag="650" ind1=" " ind2="0">
    <subfield code="a">History (&#x987;&#x9A4;&#x9BF;&#x9B9;&#x9BE;&#x9B8;)</subfield>
    <subfield code="9">4586</subfield>
  </datafield>
  <datafield tag="650" ind1=" " ind2="0">
    <subfield code="a">General History (&#x9B8;&#x9BE;&#x9A7;&#x9BE;&#x9B0;&#x9A3; &#x987;&#x9A4;&#x9BF;&#x9B9;&#x9BE;&#x9B8;) </subfield>
    <subfield code="9">7588</subfield>
  </datafield>
  <datafield tag="650" ind1=" " ind2="0">
    <subfield code="a">Mango (&#x986;&#x9AE;)</subfield>
    <subfield code="9">7589</subfield>
  </datafield>
  <datafield tag="942" ind1=" " ind2=" ">
    <subfield code="2">ddc</subfield>
    <subfield code="c">BK</subfield>
  </datafield>
  <datafield tag="952" ind1=" " ind2=" ">
    <subfield code="0">0</subfield>
    <subfield code="1">0</subfield>
    <subfield code="2">ddc</subfield>
    <subfield code="4">0</subfield>
    <subfield code="7">0</subfield>
    <subfield code="8">NFIC</subfield>
    <subfield code="a">ASL</subfield>
    <subfield code="b">ASL</subfield>
    <subfield code="c">GEN</subfield>
    <subfield code="d">2023-03-28</subfield>
    <subfield code="e">Book Purchase, 2022</subfield>
    <subfield code="l">0</subfield>
    <subfield code="o">909.09 SIK</subfield>
    <subfield code="p">120087</subfield>
    <subfield code="r">2023-03-28 00:00:00</subfield>
    <subfield code="t">C-1</subfield>
    <subfield code="w">2023-03-28</subfield>
    <subfield code="y">BK</subfield>
    <subfield code="z">Y-2017</subfield>
  </datafield>
  <datafield tag="999" ind1=" " ind2=" ">
    <subfield code="c">31425</subfield>
    <subfield code="d">31425</subfield>
  </datafield>
</record>
